00534nam a22001457a 4500003000400000005001700004008004100021040001400062100002200076245012800098260000900226300002900235500009800264504002600362OSt20171010095459.0120720t xxu||||| |||| 00| 0 eng d aMMSUcULS aIlayat, Nagie M.  aUtilization of banana (Musa sapientum L.) peelings as substrates in the production of Pleurotus sajor cajucNagie M. Ilayat c2008 axiii, 36 leaves c28 cm. aThesis (BS Biology) -- Mariano Marcos State University-College of Arts & Sciences, Batac City aBibliography: leaf 24